Talleres integrales en educación infantil: una propuesta de organización del escenario escolar

محفوظ في:
التفاصيل البيبلوغرافية
المؤلف الرئيسي: Trueba Marcano, Beatriz (مؤلف)
التنسيق: كتاب
اللغة:الإسبانية
منشور في: Madrid De La Torre 2000
سلاسل:Proyecto Didáctico Quirón. Educación Infantil, 1
الموضوعات:
الوسوم: إضافة وسم
لا توجد وسوم, كن أول من يضع وسما على هذه التسجيلة!

MARC

LEADER 00000nam a2200000 a 4500
001 UCO7760
003 CL-VaPUC
008 001124e20000000SP |||||||||||||||||spa|d
082 0 4 |a 370.7122  |b TRU  |2 21 
100 0 |a Trueba Marcano, Beatriz  |e author  |9 452479 
245 1 0 |a Talleres integrales en educación infantil: una propuesta de organización del escenario escolar 
300 |a 285 p 
942 |c BK 
945 |d 20001124 00:00:00  |a rbrito 
260 |a Madrid  |b De La Torre  |c 2000 
650 0 |a Educación preescolar  |9 260381 
650 0 |a Formación profesional de profesores  |9 307493 
650 0 |a Educación básica   |9 224933 
650 0 |a Investigación educacional   |9 261192 
650 0 |a Currículo  |9 307290 
583 |a last modification  |c 20001124 00:00:00  |k Rodrigo Vera 
490 0 |a Proyecto Didáctico Quirón. Educación Infantil, 1 
999 |c 292639  |d 292637 
952 |0 0  |1 0  |4 0  |6 370_712200000000000_TRU_2000  |7 0  |8 A  |9 343674  |a BIBEDU  |b BIBEDU  |c ES_NOD  |d 2019-11-20  |i 3661032  |o 370.7122 TRU 2000  |p 3661032  |r 2023-08-09  |w 2019-11-20  |y BK  |k BME 
952 |0 0  |1 0  |4 0  |6 370_712200000000000_TRU_2000  |7 0  |8 A  |9 343675  |a BIBEDU  |b BIBEDU  |c ES_NOD  |d 2019-11-20  |i 4501934  |o 370.7122 TRU 2000  |p 4501934  |r 2023-08-09  |w 2019-11-20  |y BK  |k EBA